000 00752nam a2200241 i 4500
001 C2-0277483
003 PPAK
005 20180728005516.0
008 070117s2003 ilu |||| ||||| | eng d
020 _a0838908365
040 _aPPAK
_beng
_cPPAK
_erda
082 0 4 _a027.625
_223
090 0 0 _a027.625
_bREI
_dLCK
100 1 _aReid, Rob,
_eauthor
245 1 0 _aSomething funny happened at the library :
_bhow to create humorous programs for children and young adults
264 1 _aChicago :
_bAmerican Library Association ,
_c2003
300 _aix, 102 pages ;
_c23 cm
336 _2rdacontent
_atext
337 _2rdamedia
_aunmediated
338 _2rdacarrier
_avolume
650 1 0 _aChildren's libraries - Activity programs.
942 _ddc
_cB
999 _c84679
_d84679